000 01167cam a2200313 i 4500
003 SA-RiAUC
005 20241126054656.0
008 241124s1996 ua g 00010 ara c
020 _a9770903574
040 _aSA-AhKFU
_bara
_cSA-RiAUC
_erda
050 4 _b.B57 1996
050 4 _b. B57 1996
082 0 4 _a257.1
_qSA-RiAUC
090 _a257.1
_bب ش ر
100 1 _aالبشري، طارق،
_d1933-2021
_eمؤلف.
245 1 2 _aالملامح العامة للفكر السياسي الإسلامي في التاريخ المعاصر /
_cطارق البشري.
250 _aالطبعة الأولى.
264 1 _aالقاهرة :
_bدار الشروق،
_c1996
300 _a95 صفحة ؛
_c24 سم.
336 _aنص
_btxt
_2rdacontent
_3كتاب
337 _aبدون وسيط
_bn
_2rdamedia
338 _aمجلد
_bnc
_2rdacarrier
490 0 _aفي المسألة الإسلامية المعاصرة
650 7 _aالنظام السياسي في الإسلام
_2aucsh
650 7 _aالإسلام والسياسة
_2aucsh
942 _2ddc
_cBOOK
_n0
949 _aSA-JeALM
_d241124
_umohamedma123
_n1
999 _c2766
_d2766